000 00387ntm a22001457a 4500
005 20250207164251.0
008 170601b2005 xxu||||| |||| 00| 0 spa d
041 _aING
082 _aR 423 C187c
245 _aCambridge Advanced Learner´s Dictionary
260 _aEstados Unidos
_bCambridge University Press
_c2005
300 _a1572
650 _aDICCIONARIO INGLÉS
942 _cREF
_2ddc
999 _c9501
_d9501